000 nam a22 7a 4500
999 _c50118
_d50118
003 OSt
005 20200618113405.0
008 200618b xxu||||| |||| 00| 0 eng d
040 _cIIMT UNIVERSITY
100 _aDINESH K S
245 _aKAUMARABHRTYA-UPDATED(MIS 34)
942 _2ddc
_c01